000 01099cam a2200301 a 4500
005 20160907112715.0
008 971229r19991996sp ab r 00000 spa d
020 _a8449402697
040 _ala
_cla
_dCO-BoIAVH
041 0 _aspa
044 _ack
082 0 4 _a912.86
_bA88g
090 _aRE-
_b00065
245 0 0 _aAtlas geográfico universal y de Colombia /
_ceditado por Ana Biosca y Andrés Merino ;.dirección Carlos Gispert ; maquetación Mercedes Clarós.
260 _aBarcelona, España :
_bOceano Grupo Editorial,
_c1996.
300 _axlviii, 428 páginas :
_bilustraciones y mapas ;
_c30 x 23 cm.
650 _aColombia
650 2 6 _aGeografía universal.
651 2 6 _aColombia
_vMapas
651 2 6 _aColombia
_vMapa de vegetación
651 2 6 _aColombia
_vMapa de regiones naturales
651 2 6 _aColombia
_vAtlas
700 1 _aGispert, Carlos
_edirección
700 1 _aClarós, Mercedes
_emaquetación
700 1 _aBiosca, Ana
_eeditora
700 1 _aMerino, Andrés
_eeditor
942 _2ddc
_cLIBRO
999 _c5239
_d5239